[Event "Las Palmas Insular-chT Pref-A"]
[Site "Las Palmas"]
[Date "2015.11.07"]
[Round "2.4"]
[White "Santana Rodriguez, Jose Raul"]
[Black "Mayor Gonzalez, Julio"]
[Result "0-1"]
[WhiteElo "1495"]
[BlackElo "1927"]
[PlyCount "54"]
[EventDate "2015.10.17"]
[EventType "team-tourn"]
[EventRounds "14"]
[EventCountry "ESP"]
[SourceTitle "CBM 170 Extra"]
[Source "ChessBase"]
[SourceDate "2016.02.25"]
[SourceVersion "1"]
[SourceVersionDate "2016.02.25"]
[SourceQuality "1"]
[WhiteTeam "Hotel Avda de Canarias III"]
[BlackTeam "Grandama Santa Lucia"]
[WhiteTeamCountry "ESP"]
[BlackTeamCountry "ESP"]

1. Nf3 d5 2. g3 g6 3. Bg2 Bg7 4. d4 Nf6 5. 0-0 0-0 6. Nbd2 c6 7. c4 Nbd7 8. e3 Re8 9. b3 e5 10. Nxe5 Nxe5 11. dxe5 Ng4 12. Bb2 Nxe5 13. cxd5 cxd5 14. Bd4 Bg4 15. f3 Bf5 16. g4 Be6 17. Rc1 Nd3 18. Rc3 Bxd4 19. exd4 Nf4 20. Re1 Qa5 21. Rc2 Rac8 22. Re3 Rxc2 23. Qxc2 Rc8 24. Qb2 Qc7 25. b4 Qc2 26. Rb3 Qd1+ 27. Nf1 Rc2 0-1

[Event "Las Palmas Montalvo Memorial 6th"]
[Site "Las Palmas"]
[Date "2013.03.28"]
[Round "5"]
[White "Saad Addin Quintana, Samir N"]
[Black "Santana Rodriguez, Jose Raul"]
[Result "1/2-1/2"]
[WhiteElo "1858"]
[BlackElo "1693"]
[PlyCount "105"]
[EventDate "2013.03.25"]
[EventType "swiss"]
[EventRounds "9"]
[EventCountry "ESP"]
[SourceTitle "CBM 153 Extra"]
[Source "ChessBase"]
[SourceDate "2013.04.22"]
[SourceVersion "1"]
[SourceVersionDate "2013.04.22"]
[SourceQuality "1"]

1. e4 c6 2. Nc3 d5 3. d4 dxe4 4. Nxe4 Nd7 5. Nf3 Ngf6 6. Nxf6+ Nxf6 7. c3 e6 8. Bd3 Bd6 9. Bg5 Qc7 10. Bxf6 gxf6 11. g3 e5 12. Qe2 Bg4 13. h3 Bh5 14. Bf5 Bg6 15. Qe4 Qe7 16. 0-0-0 0-0 17. Rhe1 Rfe8 18. h4 exd4 19. Qg4 Qf8 20. h5 Qh6+ 21. Kc2 Qxh5 22. Qxh5 Bxh5 23. g4 Bg6 24. Nxd4 Bf8 25. Bd3 Bxd3+ 26. Kxd3 c5 27. Nf5 Rad8+ 28. Kc2 h6 29. Re3 Kh7 30. Rde1 Rxe3 31. Rxe3 Kg6 32. f4 h5 33. Nh4+ Kh7 34. gxh5 Rd5 35. Re8 Bd6 36. Rd8 Rxh5 37. Rxd6 Rxh4 38. Rxf6 Kg7 39. Rf5 b6 40. Kd3 Rh2 41. b3 Rxa2 42. Rh5 Kg6 43. Rh1 Kf5 44. Rf1 Rg2 45. b4 cxb4 46. cxb4 Kg4 47. Kc4 a6 48. Ra1 Rc2+ 49. Kb3 Rc6 50. Rxa6 f5 51. Ka4 Kxf4 52. Kb5 Rf6 53. Rxb6 1/2-1/2

[Event "Las Palmas Montalvo Memorial 6th"]
[Site "Las Palmas"]
[Date "2013.03.25"]
[Round "1"]
[White "Barlov, Dragan"]
[Black "Santana Rodriguez, Jose Raul"]
[Result "1-0"]
[WhiteElo "2454"]
[BlackElo "1693"]
[PlyCount "85"]
[EventDate "2013.03.25"]
[EventType "swiss"]
[EventRounds "9"]
[EventCountry "ESP"]
[SourceTitle "CBM 153 Extra"]
[Source "ChessBase"]
[SourceDate "2013.04.22"]
[SourceVersion "1"]
[SourceVersionDate "2013.04.22"]
[SourceQuality "1"]

1. c4 Nf6 2. Nf3 e6 3. Nc3 d5 4. d4 Bb4 5. cxd5 exd5 6. Qa4+ Nc6 7. Bg5 Qd6 8. Nd2 a6 9. e3 Bd7 10. Qc2 Qe6 11. Be2 0-0 12. a3 Bxc3 13. Qxc3 Rac8 14. 0-0 Ne7 15. Qb4 Rb8 16. Bf4 Rfc8 17. Rfc1 Ne8 18. Nb3 Nc6 19. Qe1 Qe7 20. Bf3 Be6 21. Nc5 Nd6 22. Nxa6 bxa6 23. Rxc6 Rxb2 24. Bxd6 cxd6 25. Rxc8+ Bxc8 26. Qc1 Rb8 27. Bxd5 Be6 28. Bf3 g6 29. h3 Rc8 30. Qd2 Qc7 31. Rb1 Rb8 32. Rc1 Qb6 33. Be4 d5 34. Bf3 Qd6 35. Qa5 Rb3 36. a4 Qa3 37. Qc5 Qb4 38. Bxd5 Bxd5 39. Qxd5 Qxa4 40. Rc8+ Kg7 41. Qe5+ Kh6 42. Rc7 Rb5 43. Qf4+ 1-0

[Event "Las Palmas Insular-chT Primera-A"]
[Site "Las Palmas"]
[Date "2013.03.02"]
[Round "11.2"]
[White "Navarro Gonzalez, Juan Carlos"]
[Black "Santana Rodriguez, Jose Raul"]
[Result "1-0"]
[WhiteElo "2017"]
[BlackElo "1653"]
[PlyCount "63"]
[EventDate "2012.11.10"]
[EventType "team-tourn"]
[EventRounds "14"]
[EventCountry "ESP"]
[SourceTitle "EXT 2014"]
[Source "ChessBase"]
[SourceDate "2013.11.20"]
[SourceVersion "1"]
[SourceVersionDate "2013.11.20"]
[SourceQuality "1"]
[WhiteTeam "La Bagacera"]
[BlackTeam "Canarias de Vecindario"]
[WhiteTeamCountry "ESP"]
[BlackTeamCountry "ESP"]

1. d4 Nf6 2. Nf3 d5 3. c4 c6 4. Nc3 e6 5. g3 Bb4 6. Bg2 Ne4 7. Qc2 Qa5 8. Bd2 Nxd2 9. Nxd2 Nd7 10. 0-0 Nf6 11. a3 Be7 12. Rad1 0-0 13. Rfe1 Bd7 14. e4 Qc7 15. exd5 cxd5 16. cxd5 Nxd5 17. Bxd5 Bxa3 18. Bg2 Bb4 19. Qb3 Bxc3 20. bxc3 Bc6 21. Bxc6 Qxc6 22. c4 Rfd8 23. Ne4 a5 24. d5 exd5 25. cxd5 Qa6 26. Nc5 a4 27. Qxb7 Qxb7 28. Nxb7 Rd7 29. Nc5 Rc7 30. Nxa4 Kf8 31. Nb6 Ra6 32. d6 1-0

[Event "Las Palmas Insular-chT Primera-A"]
[Site "Las Palmas"]
[Date "2013.02.16"]
[Round "9.2"]
[White "Ramirez Medina, Victor"]
[Black "Santana Rodriguez, Jose Raul"]
[Result "1-0"]
[WhiteElo "1930"]
[BlackElo "1653"]
[PlyCount "25"]
[EventDate "2012.11.10"]
[EventType "team-tourn"]
[EventRounds "14"]
[EventCountry "ESP"]
[SourceTitle "EXT 2014"]
[Source "ChessBase"]
[SourceDate "2013.11.20"]
[SourceVersion "1"]
[SourceVersionDate "2013.11.20"]
[SourceQuality "1"]
[WhiteTeam "Piscolabis Oleaje San Andres"]
[BlackTeam "Canarias de Vecindario"]
[WhiteTeamCountry "ESP"]
[BlackTeamCountry "ESP"]

1. e4 c6 2. Nf3 d5 3. Nc3 dxe4 4. Nxe4 Bf5 5. Ng3 Bg6 6. h4 h6 7. Ne5 Bh7 8. Qh5 g6 9. Qf3 Nf6 10. Qb3 Qd5 11. Qxb7 Qxe5+ 12. Be2 Nfd7 13. Qc8# 1-0

[Event "Gran Canaria Vecinos op 3rd"]
[Site "Gran Canaria"]
[Date "2012.08.23"]
[Round "7"]
[White "Santana Rodriguez, Jose Raul"]
[Black "Ortiz Aleman, Nelson"]
[Result "1/2-1/2"]
[WhiteElo "1817"]
[BlackElo "1586"]
[PlyCount "99"]
[EventDate "2012.08.13"]
[EventType "swiss"]
[EventRounds "7"]
[EventCountry "ESP"]
[SourceTitle "CBM 150 Extra"]
[Source "ChessBase"]
[SourceDate "2012.10.19"]
[SourceVersion "1"]
[SourceVersionDate "2012.10.19"]
[SourceQuality "1"]

1. d4 d5 2. Nf3 Nf6 3. e3 Bg4 4. c4 e6 5. Nbd2 Be7 6. Qb3 b6 7. Ne5 0-0 8. Nxg4 Nxg4 9. Be2 Nf6 10. Bf3 c6 11. 0-0 Nbd7 12. e4 dxe4 13. Nxe4 Nxe4 14. Bxe4 Rc8 15. Rd1 Qc7 16. Be3 c5 17. Rac1 cxd4 18. Bxd4 Nc5 19. Bxc5 Bxc5 20. Qh3 h6 21. b3 Rfd8 22. g4 Qf4 23. Qf3 Qxf3 24. Bxf3 Rd4 25. Rxd4 Bxd4 26. Rd1 e5 27. Bd5 Rc5 28. Kg2 Ra5 29. Rd2 b5 30. cxb5 Rxb5 31. Bc4 Rb8 32. f4 Rc8 33. fxe5 Bxe5 34. Rd7 Rc7 35. Bxf7+ Kf8 36. Rxc7 Bxc7 37. Bc4 Bd6 38. h3 Ke7 39. Kf3 Kf6 40. Ke4 Bc5 41. Kd5 Bb6 42. b4 Kg5 43. Ke6 Kh4 44. Kf7 Bd4 45. a4 Kxh3 46. Be6 Kh4 47. a5 Bc3 48. b5 Bxa5 49. Kxg7 Bd2 50. Kf7 1/2-1/2

[Event "Gran Canaria Vecinos op 3rd"]
[Site "Gran Canaria"]
[Date "2012.08.21"]
[Round "6"]
[White "Cabrera Suarez, Javier"]
[Black "Santana Rodriguez, Jose Raul"]
[Result "1/2-1/2"]
[WhiteElo "1213"]
[BlackElo "1817"]
[PlyCount "56"]
[EventDate "2012.08.13"]
[EventType "swiss"]
[EventRounds "7"]
[EventCountry "ESP"]
[SourceTitle "CBM 150 Extra"]
[Source "ChessBase"]
[SourceDate "2012.10.19"]
[SourceVersion "1"]
[SourceVersionDate "2012.10.19"]
[SourceQuality "1"]

1. d4 d5 2. c4 e6 3. Nc3 c6 4. Nf3 f5 5. Bg5 Be7 6. Bxe7 Qxe7 7. e3 Nf6 8. Bd3 0-0 9. 0-0 Nbd7 10. cxd5 cxd5 11. Qc2 Ne4 12. Bxe4 fxe4 13. Nd2 b6 14. f3 Ba6 15. Rf2 Bd3 16. Qd1 Qg5 17. Qe1 exf3 18. Nxf3 Qh6 19. Rd1 Bg6 20. e4 Rae8 21. exd5 exd5 22. Qd2 Qxd2 23. Rdxd2 Be4 24. Ng5 Nf6 25. Rde2 h6 26. Ngxe4 dxe4 27. Re3 Rf7 28. Rfe2 Rfe7 1/2-1/2

[Event "Gran Canaria Vecinos op 3rd"]
[Site "Gran Canaria"]
[Date "2012.08.16"]
[Round "3"]
[White "Santana Rodriguez, Jose Raul"]
[Black "Garcia Cruz, Jose Manuel"]
[Result "1-0"]
[WhiteElo "1817"]
[BlackElo "1379"]
[PlyCount "77"]
[EventDate "2012.08.13"]
[EventType "swiss"]
[EventRounds "7"]
[EventCountry "ESP"]
[SourceTitle "CBM 150 Extra"]
[Source "ChessBase"]
[SourceDate "2012.10.19"]
[SourceVersion "1"]
[SourceVersionDate "2012.10.19"]
[SourceQuality "1"]

1. d4 Nf6 2. c4 e6 3. Nf3 Be7 4. g3 d5 5. Bg2 c6 6. 0-0 0-0 7. cxd5 exd5 8. Nc3 Re8 9. Qb3 Nbd7 10. Bf4 Nb6 11. Ne5 Nh5 12. Rfd1 Nxf4 13. gxf4 Be6 14. a4 Qc7 15. Rac1 Rad8 16. a5 Nc4 17. Qc2 f6 18. Nxc4 dxc4 19. d5 Bf7 20. e3 Qxa5 21. dxc6 Rxd1+ 22. Rxd1 bxc6 23. Bxc6 Rd8 24. Be4 Rxd1+ 25. Qxd1 Bh5 26. Qd5+ Qxd5 27. Bxd5+ Bf7 28. e4 Bxd5 29. exd5 Kf8 30. Kg2 Ke8 31. Nd1 Kd7 32. Ne3 Kd6 33. Kf3 Kc5 34. Ke4 Kb4 35. Nf5 Bf8 36. d6 Bxd6 37. Nxd6 a5 38. Kd4 a4 39. Nxc4 1-0

[Event "Las Palmas Montalvo Memorial 5th"]
[Site "Las Palmas"]
[Date "2012.04.03"]
[Round "2"]
[White "Engelbrecht, Kevin P"]
[Black "Santana Rodriguez, Jose Raul"]
[Result "0-1"]
[WhiteElo "1740"]
[BlackElo "1823"]
[PlyCount "74"]
[EventDate "2012.04.02"]
[EventType "swiss"]
[EventRounds "9"]
[EventCountry "ESP"]
[SourceTitle "CBM 147 Extra"]
[Source "ChessBase"]
[SourceDate "2012.04.24"]
[SourceVersion "1"]
[SourceVersionDate "2012.04.24"]
[SourceQuality "1"]

1. e4 c6 2. d4 d5 3. exd5 cxd5 4. c4 Nf6 5. Nc3 e6 6. cxd5 Nxd5 7. Nf3 Bb4 8. Qc2 Nc6 9. Bd3 h6 10. 0-0 0-0 11. a3 Be7 12. Re1 a6 13. Qe2 Nf6 14. Ne4 Nxd4 15. Nxf6+ Bxf6 16. Qe4 Nxf3+ 17. gxf3 g6 18. Bxh6 Bxb2 19. Rab1 Bg7 20. Bxg7 Kxg7 21. Rbd1 Qg5+ 22. Qg4 Qxg4+ 23. fxg4 Re8 24. Be4 Ra7 25. Rb1 b5 26. Red1 e5 27. Bc6 Rh8 28. g5 Bf5 29. Rbc1 Rh5 30. Rc3 Rxg5+ 31. Rg3 Rxg3+ 32. hxg3 Kf6 33. f3 Ke7 34. Kf2 Rc7 35. Be4 Bxe4 36. fxe4 Rc2+ 37. Ke3 Rc3+ 0-1